Slovenský podnikateľský ekosystém
Teoretická báza podnikateľského ekosystému. Vzájomná previazanosť aktérov ako kľúčová charakteristika. Zdravie podnikateľských ekosystémov. Vysokoškolské vzdelávanie napojené na podnikateľský ekosystém. Globálne reporty o podnikateľských ekosystémoch. Priebežné výsledky dotazníkového prieskumu, ktor...
Saved in:
| Main Author: | |
|---|---|
| Format: | Book Chapter |
| Language: | Slovak |
| Subjects: | |
| Tags: |
No Tags, Be the first to tag this record!
|
MARC
| LEADER | 00000naa$a2200000$$$4500 | ||
|---|---|---|---|
| 001 | 0225367 | ||
| 005 | 20240502073708.9 | ||
| 041 | 0 | |a slo | |
| 044 | |a SK | ||
| 245 | 1 | 0 | |a Slovenský podnikateľský ekosystém |c Juraj Mišún |
| 520 | |a Teoretická báza podnikateľského ekosystému. Vzájomná previazanosť aktérov ako kľúčová charakteristika. Zdravie podnikateľských ekosystémov. Vysokoškolské vzdelávanie napojené na podnikateľský ekosystém. Globálne reporty o podnikateľských ekosystémoch. Priebežné výsledky dotazníkového prieskumu, ktorého cieľom bolo zistiť aktuálny stav podnikateľského ekosystému v SR. | ||
| 610 | 2 | 0 | |a podnikanie |
| 610 | 2 | 0 | |a spolupráca podnikov |
| 610 | 2 | 0 | |a školy vysoké |
| 610 | 2 | 0 | |a podpora štátna |
| 610 | 2 | 0 | |a investori |
| 610 | 2 | 0 | |a start-up |
| 610 | 2 | 0 | |a prieskum |
| 610 | 2 | 0 | |a Slovensko |
| 100 | 1 | |a Mišún, Juraj, 1978- | |